| 000 | 00385nam a2200145 i 4500 | ||
|---|---|---|---|
| 001 | 101931 | ||
| 003 | ES-MaACL | ||
| 007 | t| | ||
| 008 | 051028s1902 it ||||1| ita d | ||
| 100 | 1 |
_aMenasci, Guido. _980078 |
|
| 245 | 1 | 0 |
_aGli angeli nell'arte / _cGuido Menasci. |
| 260 |
_aFirenze : _bG. Barbéra, _c1902. |
||
| 300 |
_a155 p., 7 lám. ; _c24 cm. |
||
| 852 |
_aES-MaACL _jB-5449 |
||
| 999 |
_c101931 _d101931 |
||